000 00373nam a2200145Ia 4500
008 230917s9999||||xx |||||||||||||| ||und||
040 _e6991
_aMAIN
041 _aEnglish
082 _a301.1072054 P215E
100 _aPareek, Udai, ed.
245 0 _aForeign behavioural research of India
260 _aNew Delhi
_bAcharan Sahkar
_c1970
300 _a159 p.
942 _cBK
999 _c103585
_d103585